| 000 | 00482nam a2200181Ia 4500 | ||
|---|---|---|---|
| 999 |
_c14827 _d14827 |
||
| 003 | OSt | ||
| 005 | 20201116103824.0 | ||
| 008 | 190216s9999||||xx |||||||||||||| ||und|| | ||
| 020 | _a8130908247 | ||
| 040 | _coclc | ||
| 082 |
_a425 _bYAD/M |
||
| 100 |
_aYadugiri, M A _96403 |
||
| 245 | 0 |
_aMaking Sense Of English / _cM A Yadugiri |
|
| 260 |
_bViva Book/ _c2011. _aDelhi: |
||
| 300 | _a501p | ||
| 650 | _aEnglish | ||
| 942 |
_cBK _2ddc _h425 _iYAD/M _k425 _mYAD/M |
||